[Event "Mondiale Lampo FIDE 2019"]
[Site "Mosca"]
[Date "29.12.2019"]
[Round "5.13"]
[White "Fridman, Daniel"]
[Black "Amin, Bassem"]
[Result "0-1"]
[WhiteTitle "GM"]
[BlackTitle "GM"]
[WhiteElo "2616"]
[BlackElo "2683"]
[WhiteFideId "11600454"]
[BlackFideId "10601457"]
[EventDate "2019.12.29"]

1. d4 e6 2. Nf3 f5 3. g3 Nf6 4. Bg2 Be7 5. O-O O-O 6. c4 d6 7. Nc3 Qe8 8. Re1
Ne4 9. Nxe4 fxe4 10. Nd2 d5 11. f3 Bf6 12. e3 exf3 13. Nxf3 dxc4 14. Qc2 b5 15.
a4 Bb7 16. Ng5 Bxg5 17. Bxb7 Nc6 18. Bxa8 Qxa8 19. Qe4 Nb4 20. Qxa8 Rxa8 21.
axb5 Nc2 22. Bd2 Nxe1 23. Rxe1 Rb8 24. Kf2 Rxb5 25. Bc3 c5 26. Ra1 cxd4 27. Bxd4
Bf6 28. Rxa7 Bxd4 29. exd4 Rxb2+ 30. Kf3 Rxh2 31. Rc7 Rc2 32. Kf4 c3 33. Ke3 Rc1
34. Ke2 h5 35. Rc5 g6 36. Rc7 Kf8 37. Ke3 c2 38. Kd2 Rg1 39. Kxc2 Rxg3 40. Rh7
Rg4 41. Kd3 h4 42. Ke3 g5 43. Kd3 Rg3+ 44. Ke4 h3 45. Ke5 g4 46. Kf6 Rf3+ 47.
Kg5 Rg3 48. Kf6 Kg8 49. Rg7+ Kh8 50. Kg6 Rf3 51. Re7 Kg8 52. Rg7+ Kf8 53. Rh7
Rf2 54. Kg5 Rg2 55. Kf6 Ke8 56. Kxe6 Re2+ 57. Kf5 Rg2 58. Ke6 Kd8 59. Kd6 Kc8
60. d5 h2 61. Kc6 Rc2+ 62. Kb6 g3 63. d6 Rc1 0-1

[Event "Mondiale Lampo FIDE 2019"]
[Site "Mosca"]
[Date "29.12.2019"]
[Round "5.14"]
[White "Petrov, Nikita"]
[Black "Adly, Ahmed"]
[Result "1/2-1/2"]
[WhiteTitle "GM"]
[BlackTitle "GM"]
[WhiteElo "2585"]
[BlackElo "2607"]
[WhiteFideId "4101286"]
[BlackFideId "10601619"]
[EventDate "2019.12.29"]

1. c4 e6 2. Nc3 d5 3. d4 Nf6 4. cxd5 Nxd5 5. e4 Nxc3 6. bxc3 c5 7. a3 cxd4 8.
cxd4 Be7 9. Nf3 O-O 10. Bd3 b6 11. Qe2 Bb7 12. h4 Nc6 13. Bb2 Rc8 14. Rh3 Na5
15. Rg3 Bxh4 16. Rh3 Be7 17. d5 exd5 18. e5 g6 19. Qe3 f5 20. Qh6 Kf7 21. Qxh7+
Ke8 22. Qxg6+ Kd7 23. e6+ Kc6 24. Rc1+ Nc4 25. Ne5+ Kb5 26. Be2 Rg8 27. Qxf5 Rg5
28. Rb3+ Ka6 29. Qd3 b5 30. a4 Qa5+ 31. Bc3 b4 32. Bb2 Rxg2 33. Nxc4 Rg1+ 34.
Bf1 Rxf1+ 35. Kxf1 dxc4 36. Rxc4 Kb6 37. Bd4+ Bc5 38. Rcxb4+ Kc6 39. Qe4+ Kd6
40. Qe5+ Kc6 41. Qxc5+ Qxc5 42. Bxc5 Ba6+ 43. Rb5 Re8 44. Re3 Bxb5+ 45. axb5+
Kxc5 46. f4 Kd6 47. f5 Ke7 48. Kf2 Kf6 49. Ke2 Kxf5 50. e7 Kf6 51. Kd3 Rxe7 52.
Rxe7 Kxe7 53. Kc4 Kd6 1/2-1/2

[Event "Mondiale Lampo FIDE 2019"]
[Site "Mosca"]
[Date "29.12.2019"]
[Round "5.15"]
[White "Mamedov, Rauf"]
[Black "Socko, Bartosz"]
[Result "0-1"]
[WhiteTitle "GM"]
[BlackTitle "GM"]
[WhiteElo "2659"]
[BlackElo "2618"]
[WhiteFideId "13401653"]
[BlackFideId "1107038"]
[EventDate "2019.12.29"]

1. e4 e6 2. d4 d5 3. e5 c5 4. c3 Nc6 5. Nf3 Qb6 6. Na3 cxd4 7. cxd4 Bb4+ 8. Bd2
Nge7 9. Nc2 Bxd2+ 10. Qxd2 Bd7 11. Bd3 O-O 12. O-O Rac8 13. b4 Nf5 14. a3 Rc7
15. Rac1 Rfc8 16. Bxf5 exf5 17. Ne3 Ne7 18. Rc5 Rxc5 19. dxc5 Qe6 20. Re1 f4 21.
Nc2 Ng6 22. Ncd4 Qa6 23. Qb2 Re8 24. b5 Qa5 25. Qb4 Qc7 26. c6 bxc6 27. bxc6 Bg4
28. Qc5 Bxf3 29. Nxf3 Ne7 30. Nd4 Rc8 31. h3 f3 32. gxf3 Ng6 33. Qd6 Qb6 34. Qb4
Qd8 35. Qd2 Qh4 36. Ne2 Qxh3 37. Nf4 Qh6 38. e6 Nxf4 39. exf7+ Kxf7 40. Re5 Qg6+
41. Kf1 Qg2+ 0-1

[Event "Mondiale Lampo FIDE 2019"]
[Site "Mosca"]
[Date "29.12.2019"]
[Round "5.16"]
[White "Jakovenko, Dmitry"]
[Black "Ruck, Robert"]
[Result "1-0"]
[WhiteTitle "GM"]
[BlackTitle "GM"]
[WhiteElo "2698"]
[BlackElo "2530"]
[WhiteFideId "4122356"]
[BlackFideId "705713"]
[EventDate "2019.12.29"]

1. e4 c6 2. d4 d5 3. e5 Bf5 4. Nf3 e6 5. Be2 Ne7 6. c3 h6 7. Nbd2 Nd7 8. O-O Bh7
9. a4 Ng6 10. Re1 Nf4 11. Bf1 Nd3 12. Re3 Nxc1 13. Rxc1 Be7 14. Bd3 Bxd3 15.
Rxd3 O-O 16. Nf1 c5 17. Ng3 Rc8 18. Qe2 Qa5 19. dxc5 Qxa4 20. Rd4 Qa2 21. Nh5
Rfe8 22. Rg4 g6 23. Qc2 Nf8 24. Ra4 Qxa4 25. Qxa4 gxh5 26. b4 b6 27. c6 a6 28.
Nd4 Ra8 29. f4 b5 30. Qc2 Bd8 31. Qe2 h4 32. Qg4+ Ng6 33. Rf1 Bb6 34. Kh1 Rac8
35. Qh5 1-0

[Event "Mondiale Lampo FIDE 2019"]
[Site "Mosca"]
[Date "29.12.2019"]
[Round "5.17"]
[White "Esipenko, Andrey"]
[Black "Firouzja, Alireza"]
[Result "0-1"]
[WhiteTitle "GM"]
[BlackTitle "GM"]
[WhiteElo "2642"]
[BlackElo "2723"]
[WhiteFideId "24175439"]
[BlackFideId "12573981"]
[EventDate "2019.12.29"]

1. d4 d5 2. c4 dxc4 3. e3 Nf6 4. Bxc4 e6 5. Nf3 c5 6. O-O a6 7. b3 cxd4 8. Nxd4
Be7 9. Bb2 O-O 10. Be2 Bd7 11. Nd2 Nc6 12. Nc4 Rc8 13. Rc1 Nd5 14. Nxc6 Bxc6 15.
Ne5 Bb5 16. Bxb5 axb5 17. Qe2 b4 18. Rxc8 Qxc8 19. Rc1 Qa8 20. Bd4 Rc8 21. Rxc8+
Qxc8 22. Qc4 Qxc4 23. Nxc4 b5 24. Na5 Nc3 25. Nc6 Bd6 26. Kf1 Nxa2 27. Bb2 Nc3
28. Nd4 Bc5 29. Ne2 Ne4 30. Ke1 Bd6 31. g3 Nc5 32. Nc1 e5 33. Ke2 f6 34. f3 Kf7
35. e4 Ke6 36. Ke3 g6 37. g4 Bf8 38. Ke2 h5 39. h3 h4 40. Nd3 0-1

[Event "Mondiale Lampo FIDE 2019"]
[Site "Mosca"]
[Date "29.12.2019"]
[Round "5.18"]
[White "Quparadze, Giga"]
[Black "Carlsson, Pontus"]
[Result "0-1"]
[WhiteTitle "GM"]
[BlackTitle "GM"]
[WhiteElo "2462"]
[BlackElo "2456"]
[WhiteFideId "13602250"]
[BlackFideId "1705814"]
[EventDate "2019.12.29"]

1. e4 c5 2. Nf3 d6 3. d4 cxd4 4. Nxd4 Nf6 5. Nc3 g6 6. Be2 Bg7 7. O-O O-O 8. Nb3
Nbd7 9. Re1 b6 10. Bf1 Bb7 11. Bg5 h6 12. Bh4 Re8 13. Rb1 a6 14. Nd5 e6 15.
Nxf6+ Nxf6 16. f3 Qc7 17. Qd2 d5 18. e5 Nd7 19. f4 Nc5 20. Nxc5 bxc5 21. c3 a5
22. Bb5 Bc6 23. Bd3 Rab8 24. Bf2 Bb5 25. Bxb5 Rxb5 26. c4 dxc4 27. Rec1 Rd8 28.
Qe2 Qb7 29. Rxc4 Rd5 30. b3 Qd7 31. Be3 Rb4 32. Rxc5 Rxc5 33. Bxc5 Rxf4 34. g3
Rf5 35. Bd6 h5 36. Rc1 Qb7 37. Qe3 Kh7 38. Re1 Qd5 39. Qe4 Qd2 40. Qe2 Qd5 41.
Qe4 Qd2 42. Qe2 Qd5 43. Qg2 Qd4+ 44. Kh1 Rf2 45. Qe4 Qd2 46. h4 Rh2+ 47. Kg1
Qf2# 0-1

[Event "Mondiale Lampo FIDE 2019"]
[Site "Mosca"]
[Date "29.12.2019"]
[Round "5.19"]
[White "Golubov, Saveliy"]
[Black "Riazantsev, Alexander"]
[Result "1/2-1/2"]
[WhiteTitle "IM"]
[BlackTitle "GM"]
[WhiteElo "2469"]
[BlackElo "2639"]
[WhiteFideId "24176729"]
[BlackFideId "4125029"]
[EventDate "2019.12.29"]

1. d4 d5 2. Nf3 Nf6 3. c3 Bf5 4. Bf4 e6 5. e3 Be7 6. Nbd2 h6 7. Ne5 Nbd7 8. Be2
Nxe5 9. dxe5 Ne4 10. Nxe4 Bxe4 11. O-O O-O 12. Bd3 Bxd3 13. Qxd3 c6 14. h3 Qb6
15. Qc2 Rfd8 16. Rad1 Qc7 17. Qe2 b5 18. Bh2 Bc5 19. f4 Qe7 20. Kh1 a5 21. e4
dxe4 22. Qxe4 Rxd1 23. Rxd1 Rd8 24. Rf1 Qd7 25. Bg1 Bxg1 26. Rxg1 Qd5 27. Qe3
Qxa2 28. Qb6 Rf8 29. b4 a4 30. Qxc6 Qd5 31. Qxd5 exd5 32. Rd1 Rd8 33. Kg1 Kf8
34. Kf2 Ke7 35. f5 f6 36. e6 Kd6 37. Ke3 g6 38. fxg6 Kxe6 39. Kd4 Rc8 40. Re1+
Kf5 41. g7 Kg6 42. Re7 Kh7 43. Ra7 Rc4+ 44. Kxd5 Rxc3 45. Ke6 Kg8 46. Kf5 Rc6
47. g4 Kh7 48. h4 Rd6 49. h5 Rc6 50. Kf4 Rc4+ 51. Kf5 Rc6 52. Kf4 Rc4+ 53. Kf5
Rc6 54. Kf4 1/2-1/2

[Event "Mondiale Lampo FIDE 2019"]
[Site "Mosca"]
[Date "29.12.2019"]
[Round "5.20"]
[White "Gareyev, Timur"]
[Black "Motylev, Alexander"]
[Result "1/2-1/2"]
[WhiteTitle "GM"]
[BlackTitle "GM"]
[WhiteElo "2598"]
[BlackElo "2640"]
[WhiteFideId "14200937"]
[BlackFideId "4121830"]
[EventDate "2019.12.29"]

1. d4 Nf6 2. c4 e6 3. Nf3 d5 4. Nc3 c6 5. e3 Nbd7 6. Qc2 Bd6 7. b3 O-O 8. Be2 b6
9. O-O Bb7 10. Bb2 Re8 11. Rad1 Rc8 12. Qb1 h6 13. Rfe1 Qe7 14. Bf1 Bb4 15. Qa1
Ne4 16. Re2 Nxc3 17. Bxc3 Bxc3 18. Qxc3 c5 1/2-1/2

[Event "Mondiale Lampo FIDE 2019"]
[Site "Mosca"]
[Date "29.12.2019"]
[Round "5.21"]
[White "Antipov, Mikhail Al."]
[Black "Paravyan, David"]
[Result "0-1"]
[WhiteTitle "GM"]
[BlackTitle "GM"]
[WhiteElo "2549"]
[BlackElo "2629"]
[WhiteFideId "4107012"]
[BlackFideId "4194985"]
[EventDate "2019.12.29"]

1. e4 c5 2. Nf3 Nc6 3. Bb5 g6 4. Bxc6 bxc6 5. O-O Bg7 6. Re1 Qc7 7. c3 d6 8. h3
Nf6 9. d4 cxd4 10. cxd4 O-O 11. Nc3 c5 12. dxc5 dxc5 13. Be3 Bb7 14. Qc2 Qc6 15.
Nd2 Rfd8 16. Nb3 c4 17. Na5 Qc7 18. Nxb7 Qxb7 19. Rad1 Rab8 20. Bf4 Rbc8 21. Be5
h5 22. f3 Rd3 23. Na4 Rcd8 24. Rxd3 cxd3 25. Qc3 Qb5 26. Nc5 d2 27. Rd1 Qe2 28.
Qc2 Qe1+ 29. Kh2 Ng4+ 0-1

[Event "Mondiale Lampo FIDE 2019"]
[Site "Mosca"]
[Date "29.12.2019"]
[Round "5.22"]
[White "Petrosyan, Manuel"]
[Black "Dubov, Daniil"]
[Result "1/2-1/2"]
[WhiteTitle "GM"]
[BlackTitle "GM"]
[WhiteElo "2613"]
[BlackElo "2690"]
[WhiteFideId "13300857"]
[BlackFideId "24126055"]
[EventDate "2019.12.29"]

1. d4 Nf6 2. c4 g6 3. Nc3 d5 4. Nf3 Bg7 5. cxd5 Nxd5 6. e4 Nxc3 7. bxc3 c5 8.
Be3 Qa5 9. Qd2 Nd7 10. Rc1 O-O 11. h3 e5 12. dxe5 Nxe5 13. Nxe5 Bxe5 14. Bc4 Rd8
15. Bd5 c4 16. Bd4 Bxd4 17. cxd4 Rxd5 18. exd5 Qxd5 19. O-O Be6 20. a4 Rd8 21.
Rfd1 Bf5 22. Qb4 Bd3 23. Re1 b6 24. Re7 Rd6 25. Rxa7 Qxd4 26. Rc7 Kg7 27. Qc3
Qxc3 28. Rxc3 Kf6 29. f3 Ke5 30. Kf2 Kd4 31. Rc1 Re6 32. Rd7+ Ke5 33. Re1+ Kf6
34. Rxe6+ Kxe6 35. Rd4 g5 36. Ke3 Ke5 37. Rd8 Bc2 38. Ra8 c3 39. Rc8 Bxa4 40.
Rxc3 Bd7 41. Rc7 Ke6 42. Rb7 b5 43. Rb6+ Ke5 44. Rh6 Bf5 45. Rb6 Bd7 46. g3 Bxh3
47. f4+ gxf4+ 48. gxf4+ Kf5 49. Rh6 Bg4 50. Rxh7 Kg6 51. Rh8 Be6 52. Rb8 Bc4 53.
Rb7 Kf5 54. Rc7 Kf6 55. Rc5 Kg6 56. Ke4 Kf6 57. Rc6+ Kg7 58. Ke5 Bd3 59. f5 Bc4
60. Rb6 Bd3 61. f6+ Kg6 62. Rb8 Bc4 63. Rg8+ Kh5 64. Rc8 Kg4 65. Rb8 Kf3 66. Kd4
Kf4 67. Kc5 Kf5 68. Rb6 Be6 1/2-1/2

[Event "Mondiale Lampo FIDE 2019"]
[Site "Mosca"]
[Date "29.12.2019"]
[Round "5.24"]
[White "Nepomniachtchi, Ian"]
[Black "Popov, Ivan RUS"]
[Result "1-0"]
[WhiteTitle "GM"]
[BlackTitle "GM"]
[WhiteElo "2767"]
[BlackElo "2636"]
[WhiteFideId "4168119"]
[BlackFideId "4170350"]
[EventDate "2019.12.29"]

1. e4 c6 2. Nf3 d5 3. d3 dxe4 4. dxe4 Qxd1+ 5. Kxd1 Nf6 6. Nfd2 Ng4 7. Ke2 e5 8.
f3 Nf6 9. a4 Be6 10. Ke1 Bc5 11. Bc4 Bxc4 12. Nxc4 Nfd7 13. Nbd2 Na6 14. c3 Nc7
15. Nb3 Ne6 16. Nxc5 Nexc5 17. Be3 Ne6 18. a5 Ke7 19. Kf2 f6 20. Rhd1 Rhd8 21.
b4 Ndf8 22. Rxd8 Kxd8 23. g3 Nd7 24. f4 Ke7 25. Rd1 Nc7 26. Nd6 Nb5 27. Nf5+ Kd8
28. Nxg7 Nxc3 29. Rd3 Nb5 30. Bc5 Nc7 31. f5 b6 32. axb6 axb6 33. Bxb6 Ra2+ 34.
Kf3 Kc8 35. Bxc7 Kxc7 36. Ne6+ Kc8 37. h4 Rb2 38. Rd6 Rxb4 39. Rxc6+ Kb8 40. Rc3
Rb1 41. g4 Rf1+ 42. Kg2 Re1 43. Kf3 Rh1 44. Rc7 Nb6 45. Rxh7 Nc4 46. g5 fxg5 47.
Nxg5 Nd2+ 48. Kg2 Re1 49. f6 1-0

[Event "Mondiale Lampo FIDE 2019"]
[Site "Mosca"]
[Date "29.12.2019"]
[Round "5.25"]
[White "Zubov, Alexander"]
[Black "Bluebaum, Matthias"]
[Result "0-1"]
[WhiteTitle "GM"]
[BlackTitle "GM"]
[WhiteElo "2601"]
[BlackElo "2644"]
[WhiteFideId "14109409"]
[BlackFideId "24651516"]
[EventDate "2019.12.29"]

1. d4 Nf6 2. Nf3 d5 3. c4 e6 4. e3 a6 5. b3 c5 6. Bb2 cxd4 7. exd4 Bb4+ 8. Nbd2
O-O 9. Bd3 dxc4 10. bxc4 b5 11. cxb5 axb5 12. Bxb5 Bb7 13. O-O Bxd2 14. Qxd2
Bxf3 15. gxf3 Nd5 16. Kh1 Qf6 17. Qe2 Na6 18. a4 Nac7 19. Bc4 Rfb8 20. Bc1 Rb4
21. a5 Nc3 22. Qd3 Rxc4 23. Bg5 Qxd4 24. Qxd4 Rxd4 25. Rfc1 N7d5 26. a6 h6 27.
Be3 Rb4 28. Bd2 Rb3 29. a7 Nb5 30. Rab1 Rxb1 31. Rxb1 Nxa7 32. Ra1 Nc7 0-1

[Event "Mondiale Lampo FIDE 2019"]
[Site "Mosca"]
[Date "29.12.2019"]
[Round "5.26"]
[White "Vitiugov, Nikita"]
[Black "Bosiocic, Marin"]
[Result "1-0"]
[WhiteTitle "GM"]
[BlackTitle "GM"]
[WhiteElo "2747"]
[BlackElo "2623"]
[WhiteFideId "4152956"]
[BlackFideId "14507927"]
[EventDate "2019.12.29"]

1. d4 Nf6 2. Bg5 d5 3. e3 g6 4. Bxf6 exf6 5. c4 dxc4 6. Bxc4 Bd6 7. Nc3 c6 8.
Nge2 O-O 9. h4 h5 10. g3 Bg4 11. Qc2 Kg7 12. Nf4 Bxf4 13. gxf4 Re8 14. Be2 Bf5
15. Qd2 Nd7 16. f3 Nb6 17. e4 Bd7 18. O-O-O f5 19. Bd3 Qf6 20. Bc2 Nc4 21. Qf2
b5 22. Rhg1 Kh6 23. Rg5 a5 24. exf5 gxf5 25. Rdg1 a4 26. a3 Rab8 27. Ne2 Rxe2
28. Qxe2 Qxd4 29. Bd3 Re8 30. Qg2 Qxf4+ 31. Kb1 Ne5 32. Rg7 Be6 33. Rh7+ 1-0

[Event "Mondiale Lampo FIDE 2019"]
[Site "Mosca"]
[Date "29.12.2019"]
[Round "5.30"]
[White "Donchenko, Alexander"]
[Black "Kamsky, Gata"]
[Result "0-1"]
[WhiteTitle "GM"]
[BlackTitle "GM"]
[WhiteElo "2644"]
[BlackElo "2677"]
[WhiteFideId "24603295"]
[BlackFideId "2000024"]
[EventDate "2019.12.29"]

1. d4 e6 2. c4 b6 3. a3 Bb7 4. Nc3 Nf6 5. Nf3 g6 6. Bg5 h6 7. Bh4 Bg7 8. e3 O-O
9. Be2 d6 10. O-O Nbd7 11. Nd2 c5 12. d5 Qe7 13. e4 g5 14. Bg3 Ne5 15. Re1 Ng6
16. a4 a5 17. Nb5 Rad8 18. Ra3 Ne8 19. Qb1 Nc7 20. Nxc7 Qxc7 21. Bd3 Qe7 22. Bc2
Bd4 23. Nf3 e5 24. h3 Bc8 25. Rb3 Qc7 26. Nh2 h5 27. Nf3 h4 28. Bh2 f6 29. Bd1
Kg7 30. Nd2 Bd7 31. Ra3 Qc8 32. Kf1 Rf7 33. Bh5 Rh8 34. Bxg6 Kxg6 35. Nf3 Kg7
36. Kg1 Rh6 37. Qc2 g4 38. Nxd4 cxd4 39. hxg4 Bxg4 40. Rb3 Rg6 41. f4 Qh8 42.
Rf1 Qh5 43. Rf2 Bd1 44. Qd3 Bxb3 45. Qxb3 Kh7 46. Kh1 Rfg7 47. fxe5 fxe5 48. Qd3
Qg4 49. b3 Kg8 50. Qc2 Rf7 51. Rxf7 Kxf7 0-1

[Event "Mondiale Lampo FIDE 2019"]
[Site "Mosca"]
[Date "29.12.2019"]
[Round "5.31"]
[White "Sargissian, Gabriel"]
[Black "Sethuraman, S.P."]
[Result "0-1"]
[WhiteTitle "GM"]
[BlackTitle "GM"]
[WhiteElo "2689"]
[BlackElo "2638"]
[WhiteFideId "13300881"]
[BlackFideId "5021596"]
[EventDate "2019.12.29"]

1. Nf3 d5 2. d4 Nf6 3. c4 e6 4. g3 g6 5. Bg2 Bg7 6. O-O O-O 7. Qc2 c6 8. Rd1 b6
9. Nc3 Bb7 10. e4 Nxe4 11. Nxe4 dxe4 12. Qxe4 Nd7 13. Bg5 Qc7 14. Qh4 c5 15. d5
exd5 16. cxd5 Bxb2 17. Rab1 Bg7 18. Be7 h6 19. d6 Qc6 20. Ne1 Qc8 21. Bxf8 Bxf8
22. Rbc1 b5 23. Nd3 c4 24. Nb4 Bxg2 25. Kxg2 Qc5 26. Nd5 Bxd6 27. Qxh6 Bf8 28.
Qf4 Rc8 29. h4 Qc6 30. Kg1 Nc5 31. Qe5 Qe6 32. Nf6+ Kh8 33. Qxe6 Nxe6 34. Rd7
Kg7 35. Ne4 a5 36. h5 gxh5 37. Rd5 b4 38. Rxa5 Nd4 39. Kf1 c3 40. Rd5 Ne6 41.
Rxh5 Ra8 42. Nxc3 bxc3 43. Rxc3 Rxa2 44. Rf3 Be7 45. Rd5 Bf6 46. Rd7 Ng5 47. Rf4
Ne6 48. Rg4+ Kf8 49. Rc4 Be5 50. f4 Bf6 51. g4 Bh4 52. Kg1 Bf2+ 53. Kh1 Be3 54.
g5 Nxf4 55. Rd1 Ne2 56. Rd8+ Ke7 57. Re4+ Kxd8 58. Rxe3 Nd4 59. Rd3 Ra4 60. Kg2
Ke7 61. Kg3 Ne6 62. Rb3 Nxg5 0-1

[Event "Mondiale Lampo FIDE 2019"]
[Site "Mosca"]
[Date "29.12.2019"]
[Round "5.32"]
[White "Yilmaz, Mustafa"]
[Black "Sarana, Alexey"]
[Result "0-1"]
[WhiteTitle "GM"]
[BlackTitle "GM"]
[WhiteElo "2604"]
[BlackElo "2663"]
[WhiteFideId "6302718"]
[BlackFideId "24133795"]
[EventDate "2019.12.29"]

1. d4 Nf6 2. c4 e6 3. Nf3 d5 4. Nc3 dxc4 5. e4 Bb4 6. Bxc4 Nxe4 7. O-O Nxc3 8.
bxc3 Be7 9. Qe2 O-O 10. Rd1 Nd7 11. Ne5 c5 12. dxc5 Qc7 13. Bf4 Nxe5 14. Bxe5
Qxc5 15. Bd4 Qc7 16. Be5 Qc6 17. Rd4 f6 18. Bg3 Kh8 19. Re1 e5 20. Rh4 f5 21.
Rh5 e4 22. Be5 Qg6 23. Rh3 f4 24. Qxe4 Qxe4 25. Rxe4 Bxh3 26. gxh3 Bf6 27. Bxf4
Rfe8 28. Bd5 Rxe4 29. Bxe4 Bxc3 30. Bxb7 Rd8 31. Kg2 Bd4 32. a4 Bb6 33. Ba6 Rd4
34. Be5 Rxa4 35. Bd3 Ra2 36. Bg3 a5 37. h4 a4 38. h5 h6 39. Kf3 a3 40. Ke4 Rb2
41. Be5 Rxf2 42. Kd5 a2 43. Kc6 Be3 44. h4 Bc1 45. Bc4 Bb2 46. Bg3 Rc2 0-1

[Event "Mondiale Lampo FIDE 2019"]
[Site "Mosca"]
[Date "29.12.2019"]
[Round "5.33"]
[White "Rakhmanov, Aleksandr"]
[Black "Cheparinov, Ivan"]
[Result "1/2-1/2"]
[WhiteTitle "GM"]
[BlackTitle "GM"]
[WhiteElo "2645"]
[BlackElo "2687"]
[WhiteFideId "4173708"]
[BlackFideId "2905540"]
[EventDate "2019.12.29"]

1. c4 c5 2. Nc3 Nc6 3. g3 g6 4. Bg2 Bg7 5. b3 Nf6 6. e3 O-O 7. Nge2 e6 8. Ba3
Qa5 9. Bb2 d5 10. cxd5 Nxd5 11. O-O Ndb4 12. d4 cxd4 13. exd4 Rd8 14. a3 Nd5 15.
Nxd5 exd5 16. b4 Qb6 17. Nf4 Be6 18. Nxe6 fxe6 19. Qg4 Nxd4 20. Bxd4 Bxd4 21.
Rad1 e5 22. h4 Rd6 23. Kh2 Rf8 24. f3 Be3 25. f4 exf4 26. gxf4 d4 27. Be4 Rdf6
28. f5 Qc7+ 29. Kh3 Kh8 30. Bd3 gxf5 31. Rxf5 Rxf5 32. Bxf5 Rg8 33. Qf3 Bf4 34.
Rd3 Qe5 35. Qe4 Rg7 36. Qxe5 Bxe5 37. Be4 b6 38. Rf3 Re7 39. Kg4 Kg7 40. Bd3 Bf6
41. b5 Re1 42. h5 Rg1+ 43. Rg3 Re1 44. Kf5+ Kf7 45. Bc4+ Ke7 46. Kg4 Re5 47. Rh3
Rc5 48. Bd3 h6 49. a4 Re5 50. Kf4 Rc5 51. Ke4 Re5+ 52. Kf4 Re1 53. Kf5 Bg5 54.
Rf3 Kd6 55. Kg6 Re3 56. Rxe3 dxe3 57. Kf5 Kd5 58. Kg4 Kd4 59. Be2 Kc3 60. Kf3
Kb3 61. Bd1+ Kb2 62. Ke2 Bf4 63. Kd3 Bg5 64. Ke2 Kc3 65. Kf3 Kd2 66. Be2 Be7 67.
Bc4 Bc5 68. Be2 Bd6 69. Bc4 Be7 70. Be2 Bc5 71. Bc4 Kc3 72. Be2 1/2-1/2

[Event "Mondiale Lampo FIDE 2019"]
[Site "Mosca"]
[Date "29.12.2019"]
[Round "5.34"]
[White "Alonso Rosell, Alvar"]
[Black "Vavulin, Maxim"]
[Result "1-0"]
[WhiteTitle "GM"]
[BlackTitle "GM"]
[WhiteElo "2548"]
[BlackElo "2556"]
[WhiteFideId "2270544"]
[BlackFideId "4169530"]
[EventDate "2019.12.29"]

1. d4 g6 2. Nf3 Bg7 3. e3 d6 4. Be2 Nc6 5. d5 Nb8 6. Nc3 e5 7. dxe6 Bxe6 8. Nd4
Bd7 9. e4 Ne7 10. h4 h6 11. Be3 Nbc6 12. Qd2 f5 13. exf5 Nxf5 14. Nxf5 Bxf5 15.
Nd5 Qd7 16. O-O-O a6 17. Kb1 Ne7 18. g4 Be4 19. Nxe7 Qxe7 20. Rhe1 O-O-O 21. Bd4
Bxd4 22. Qxd4 Bc6 23. Qa7 Qxh4 24. Bc4 Rde8 25. Be6+ Kd8 26. Qb8+ Ke7 27. Qxc7+
Kf6 28. Qf7+ 1-0

[Event "Mondiale Lampo FIDE 2019"]
[Site "Mosca"]
[Date "29.12.2019"]
[Round "5.35"]
[White "Xu, Yinglun"]
[Black "Adhiban, Baskaran"]
[Result "1/2-1/2"]
[WhiteTitle "GM"]
[BlackTitle "GM"]
[WhiteElo "2555"]
[BlackElo "2654"]
[WhiteFideId "8604940"]
[BlackFideId "5018471"]
[EventDate "2019.12.29"]

1. d4 Nf6 2. Nf3 d6 3. c4 g6 4. Nc3 Bf5 5. e3 Bg7 6. Bd3 Bxd3 7. Qxd3 Nbd7 8.
O-O O-O 9. e4 e5 10. d5 Nc5 11. Qc2 a5 12. Bg5 h6 13. Bh4 Qe8 14. Nd2 Nh5 15. f3
Nf4 16. Bg3 h5 17. Nb3 b6 18. Ne2 Nfd3 19. Nxc5 Nxc5 20. b3 f5 21. Bf2 fxe4 22.
fxe4 Bh6 23. Rae1 Qe7 24. Nc3 Rf7 25. Qe2 Raf8 26. Be3 Bxe3+ 27. Qxe3 Rxf1+ 28.
Rxf1 Rxf1+ 29. Kxf1 Kg7 30. g3 h4 31. Kg2 hxg3 32. hxg3 Qf6 33. Nb5 Qf7 34. Qf3
Qe7 35. Qe3 Qf7 36. Qf3 Qe7 37. Qe3 Qf7 38. Qf3 1/2-1/2

[Event "Mondiale Lampo FIDE 2019"]
[Site "Mosca"]
[Date "29.12.2019"]
[Round "5.36"]
[White "Ivanisevic, Ivan"]
[Black "Atabayev, Saparmyrat"]
[Result "1/2-1/2"]
[WhiteTitle "GM"]
[BlackTitle "IM"]
[WhiteElo "2593"]
[BlackElo "2425"]
[WhiteFideId "912417"]
[BlackFideId "14000571"]
[EventDate "2019.12.29"]

1. c4 e5 2. Nc3 Nf6 3. Nf3 Nc6 4. g3 Bb4 5. Nd5 Bc5 6. Bg2 d6 7. O-O Nxd5 8.
cxd5 Ne7 9. d4 exd4 10. Nxd4 O-O 11. b3 Bg4 12. Bb2 Qd7 13. Re1 Bh3 14. Bh1 Rfe8
15. Rc1 Nf5 16. Rc4 Re7 17. Nxf5 Qxf5 18. Rf4 Qg6 19. e3 Rae8 20. Bf3 Bc8 21.
Kg2 Bf5 22. h4 Bc2 23. Qd2 Be4 24. Bd4 Bxd4 25. Qxd4 Bxf3+ 26. Kxf3 c5 27. dxc6
bxc6 28. Rc1 c5 29. Qc4 h6 30. Rd1 Qh5+ 31. g4 Qxh4 32. Ke2 Qh2 33. Rf3 Qe5 34.
Rd5 Qb2+ 35. Rd2 Qe5 36. Qd5 Qxd5 37. Rxd5 Re6 38. Rf4 Kf8 39. Ra4 R8e7 40. Ra6
Rd7 41. Rc6 Ke7 42. f4 g6 43. Kf3 Rb7 44. Ra6 Rf6 45. e4 Rd7 46. f5 gxf5 47.
exf5 Kf8 48. Kf4 Ke7 49. Rc6 Rb7 50. Ra6 Rb4+ 51. Kf3 Rb7 52. Kf4 Rb4+ 53. Kf3
Rb7 54. Rc6 Rd7 55. Ra6 Rb7 56. Kf4 Rb4+ 57. Kf3 Rb7 58. Kf4 1/2-1/2

[Event "Mondiale Lampo FIDE 2019"]
[Site "Mosca"]
[Date "29.12.2019"]
[Round "5.37"]
[White "Salgado Lopez, Ivan"]
[Black "Frolyanov, Dmitry"]
[Result "1/2-1/2"]
[WhiteTitle "GM"]
[BlackTitle "GM"]
[WhiteElo "2605"]
[BlackElo "2556"]
[WhiteFideId "2257327"]
[BlackFideId "4151976"]
[EventDate "2019.12.29"]

1. e4 c5 2. Nf3 Nc6 3. c3 Nf6 4. e5 Nd5 5. Bc4 Nb6 6. Bb3 d5 7. exd6 e6 8. O-O
Bxd6 9. d4 cxd4 10. Nxd4 O-O 11. Nxc6 bxc6 12. Nd2 Qc7 13. h3 Ba6 14. Re1 Rad8
15. Qf3 c5 16. Bc2 Bb7 17. Qh5 g6 18. Qe2 Nd5 19. Ne4 Nf4 20. Qe3 Be5 21. Qxc5
Qb8 22. Bxf4 Bxf4 23. Bb3 Be5 24. Qe3 Bg7 25. Rad1 Bd5 26. Nd2 Bc6 27. Nc4 Qa8
28. Qg3 Bd5 29. Na5 Bxb3 30. Nxb3 Rxd1 31. Rxd1 a5 32. Qf3 Qa7 33. Qe3 Qb8 34.
Qg3 Qa8 35. Qf3 Qa7 36. Qe3 Qb8 37. Qe2 a4 38. Nd4 a3 39. bxa3 Rc8 40. Nb5 Bxc3
41. Rc1 Bf6 42. Rxc8+ Qxc8 43. g3 h5 44. h4 Kg7 45. a4 Qc1+ 46. Kg2 Qc5 47. a5
Qd5+ 48. Kg1 Bd8 49. a6 Bb6 50. a7 Kh7 51. Qc2 Qf3 52. Kf1 Qh1+ 53. Ke2 Qd5 54.
Qb3 Qe4+ 55. Kf1 Qh1+ 56. Ke2 Qe4+ 57. Kf1 Qh1+ 58. Ke2 Qe4+ 59. Kf1 Qh1+ 60.
Ke2 Qe4+ 61. Kf1 Qh1+ 62. Ke2 Qe4+ 63. Kf1 1/2-1/2